Real Madrid Squad 23/24 - Statistics

General Stats
  • This quiz has been taken 236 times
  • The average score is 18 of 23
Answer Stats
# Nation Former Club Answer % Correct
5 England Dortmund Jude Bellingham
96%
1 Belgium Chelsea Thibaut Courtois
96%
10 Croatia Spurs Luka Modric
94%
7 Brazil Flamengo Vinicius Jr
93%
4 Austria Bayern David Alaba
92%
8 Germany Bayern Toni Kroos
91%
2 Spain Leverkusen Dani Carvajal
90%
15 Uruguay Penarol Federico Valverde
90%
3 Brazil FC Porto Eder Militao
89%
11 Brazil Santos Rodrygo
89%
22 Germany Chelsea Antonio Rudiger
87%
13 Ukraine Zorya Luhansk Andriy Lunin
86%
18 France Monaco Aurelien Tchouameni
86%
12 France Stade Rennais Eduardo Camavinga
86%
24 Turkey Fenerbahce Arda Guler
85%
23 France Olympique Lyon Ferland Mendy
73%
14 Spain Espanyol Joselu
65%
25 Spain Chelsea Kepa
65%
21 Spain Man City Brahim Diaz
63%
17 Spain Espanyol Lucas Vazquez
60%
19 Spain Real Betis Dani Ceballos
57%
20 Spain Rayo Vallecano Fran Garcia
55%
6 Spain Youth Nacho Fernandez
54%
No matching quizzes found
Score Distribution
Percent of People with Each Score
Percentile by Number Answered
Your Score History
You have not taken this quiz